| Поле | Инд. | ПП | Название | Значение |
|---|---|---|---|---|
| Тип записи | a | |||
| Библиографический уровень | m | |||
| 001 | Контрольный номер | ddf90bdb-fc08-4abe-b9fb-7aadd43c87e7 | ||
| 005 | Дата корректировки | 20260623090949.1 | ||
| 008 | Кодируемые данные | 010213 d | ||
| 020 | a | ISBN | 5-85235-256-Х | |
| 040 | a | Служба первич. каталог. | НБ ТвГУ | |
| 041 | 0_ | a | Код языка текста | rus |
| 080 | a | Индекс УДК | 316.35 | |
| a | Индекс УДК | 316.346.3 | ||
| 084 | a | Индекс другой классификации/Индекс ББК | С550.44 | |
| a | Индекс другой классификации/Индекс ББК | С550.325.13 | ||
| 090 | a | Полочн. индекс | С550.4 | |
| x | Авторский знак | Д90 | ||
| 100 | 1_ | a | Автор | Дыскин А. А. |
| e | Роль лиц | Автор | ||
| 245 | 10 | a | Заглавие | Социально-бытовая и трудовая реабилитация инвалидов и пожилых граждан |
| b | Продолж. заглавия | Руководство для подгот. социал. работников | ||
| c | Ответственность | А.А. Дыскин, Э.И. Танюхина; Ин-т "Открытое о-во" | ||
| c | Ответственность | Ин-т "Открытое о-во" | ||
| 260 | 0_ | a | Место издания | Москва |
| b | Издательство | Логос | ||
| c | Дата издания | 1996 | ||
| 300 | a | Объем | 222,[1] с. | |
| 440 | _0 | a | Серия | Открытая кн. - открытое сознание - открытое о-во / Ред. совет: В.И Бахмин и др. |
| 500 | a | Примечание | НАСТОЯЩИЙ МАТЕРИАЛ (ИНФОРМАЦИЯ) ПРОИЗВЕДЕН, РАСПРОСТРАНЕН И (ИЛИ) НАПРАВЛЕН ИНОСТРАННЫМ АГЕНТОМ, ЯВЛЯЮЩИМСЯ УЧРЕДИТЕЛЕМ (ЧЛЕНОМ, УЧАСТНИКОМ, РУКОВОДИТЕЛЕМ ИЛИ ЛИЦОМ, ВХОДЯЩИМ В СОСТАВ ОРГАНА ЛИЦ УКАЗАНЫХ В ЧАСТИ 4 СТАТЬИ 9 ФЕДЕРАЛЬНОГО ЗАКОНА «О КОНТРОЛЕ ЗА ДЕЯТЕЛЬНОСТЬЮ ЛИЦ, НАХОДЯЩИХСЯ ПОД ИНОСТРАННЫМ ВЛИЯНИЕМ») ВКЛЮЧЕННОГО В РЕЕСТР ИНОСТРАННЫХ АГЕНТОВ | |
| 504 | a | Библиография | Библиогр.: с.221-223. | |
| 650 | 04 | a | Основная рубрика | Инвалиды |
| x | Основная подрубрика | Социология | ||
| 650 | 04 | a | Основная рубрика | Пожилые и старые люди в обществе |
| x | Основная подрубрика | Социология | ||
| 653 | 0_ | a | Ключевые слова | Инвалиды |
| a | Ключевые слова | Реабилитация инвалидов | ||
| a | Ключевые слова | Социальное приспособление | ||
| a | Ключевые слова | Социология старости | ||
| 700 | 1_ | a | Другие авторы | Танюхина Э. И. |
| e | Роль лиц | Автор | ||
| 852 | 41 | i | Расстановочный признак | Проверка 2026 |
| 920 | a | Оператор | Поля | |
| 952 | c | Вид литературы | К ру | |
| 954 | a | Дата поступления на обработку | 17.02.97 |